LIBRARY & INFORMATION CENTRE, KCAET, TAVANUR

ONLINE PUBLIC ACCESS CATALOGUE (OPAC)

daivathinte swantham vakkeel | ദൈവത്തിന്റെ സ്വന്തം വക്കീൽ (Record no. 17649)

MARC details
000 -LEADER
fixed length control field 00446nam a22001577a 4500
003 - CONTROL NUMBER IDENTIFIER
control field OSt
008 - FIXED-LENGTH DATA ELEMENTS--GENERAL INFORMATION
fixed length control field 230227b |||||||| |||| 00| 0 eng d
041 ## - LANGUAGE CODE
Language code of text/sound track or separate title mal
082 ## - DEWEY DECIMAL CLASSIFICATION NUMBER
Classification number 923.4548
Item number JOM/DA
100 ## - MAIN ENTRY--AUTHOR NAME
Personal name Jomon puthanpurakkal
245 ## - TITLE STATEMENT
Title daivathinte swantham vakkeel
Remainder of title ദൈവത്തിന്റെ സ്വന്തം വക്കീൽ
250 ## - EDITION STATEMENT
Edition statement 4
260 ## - PUBLICATION, DISTRIBUTION, ETC. (IMPRINT)
Place of publication thrissure
Name of publisher current books
Year of publication 2022
300 ## - PHYSICAL DESCRIPTION
Number of Pages 472
942 ## - ADDED ENTRY ELEMENTS (KOHA)
Koha item type Books
Holdings
Withdrawn status Lost status Damaged status Home library Current library Date acquired Full call number Accession Number Koha item type
      KAUAET KAUAET 27/02/2023 923.4548 JOM/DA 26107 Books
free website counter